00738nam a22002057a 4500999001500000001000500015003000900020005001700029008004100046040003800087082002300125245008700148260003900235300002200274505002600296650004400322700002800366942001200394952012600406 c7109d71098969BD-DhUAP20210113154642.0210113s1972 bg x p w 0 a0eng d aBD-DhAALcBD-DhAALbEngdBD-DhUAP00a348.549204 DHA22300aThe Dhaka Law Reports :ba monthly law journal /cedited by Obaidul Huq Chowdhury. aDhaka :bDhaka law reports,c1972. avolumes ;c26 cm. aV. 24-Table of cases. aLaw reports, digests, etc.zBangladesh. aChowdhury, Obaidul Huq. 2ddccBK 00102ddc4070aDBASLbDBASLcGeneral Stacksd2021-01-13o348.549204 DHA V-24p3010008969r2021-01-13t1w2021-01-13yBK